Catalan Countries - Statistics

General Stats
  • This quiz has been taken 136 times
  • The average score is 6 of 8
Answers on the Map
Answers color-coded by a green-red scale on the quiz's map according to % correct below.
 
Answer Stats
Territories % Correct
Catalonia
97%
Valencia
93%
Andorra
88%
Balearic Islands
86%
La Franja
76%
Carche
69%
Alghero
66%
Northern Catalonia
55%
No matching quizzes found
Score Distribution
Percent of People with Each Score
Percentile by Number Answered
Your Score History
You have not taken this quiz